| 000 | 00717nam a2200229 a 4500 | ||
|---|---|---|---|
| 001 | BRL_193 | ||
| 005 | 20190320210629.0 | ||
| 008 | 850215s1980----mx-#######---#000-0#spa-# | ||
| 041 | _aspa | ||
| 044 | _amx | ||
| 050 | 4 |
_aF1256 _b.C66 1980 |
|
| 245 | 1 | 0 |
_aCompendio cultural de Chiapas _cJuan Jaime Manguen, Irma Montesinos, recopiladores. |
| 260 |
_a[Tuxtla Gutiérrez, México] _b[Universidad Autónoma de Chiapas] _c1980 |
||
| 300 |
_a2v. _c22 cm. |
||
| 500 | _aLa biblioteca solo cuenta con el volumen 1 | ||
| 500 | _av.1 Au231 | ||
| 651 | 4 |
_aChiapas (México) _xHistoria _923186 |
|
| 700 | 1 |
_aManguen, Juan Jaime _ecomp. _923187 |
|
| 700 | 1 |
_aMontesinos, Irma _ecomp. _923188 |
|
| 902 | _aGRL | ||
| 942 |
_2lcc _cB |
||
| 999 |
_c9006 _d9006 |
||